000
00314 a2200121 4500
001
146443
040
_c
Escola São Tomás de Aquino
100
_a
CUNHA, Leo
240
1
0
_a
Manual de desculpas esfarrapadas
_l
por
245
1
0
_a
Manual de desculpas esfarrapadas
697
_a
*LITERATURA INFANTO JUVENIL
942
_c
BK
999
_c
146443
_d
146443